000 01010nmc a2200337 a 4500
003 AR-BaBNM
005 20251128203929.0
008 065019s1974 ||||||||||||||000 | spa||
040 _cAR-BaBNM
100 1 _aLevine, Samuel
245 1 0 _aIntroducción a la investigación
_bcurso programado
250 _a1ª ed.
260 _aBuenos Aires
_bEstrada
_c1974
300 1 _axii, 272 p.
_bgráfs., cuadros
490 0 _aBiblioteca de ciencias de la educación
500 0 _aTraducción de Nuria Cortada de Kohan
650 4 _aENSENANZA PROGRAMADA
650 4 _aMETODOS DE INVESTIGACION
650 4 _aHIPOTESIS
650 4 _aSOLUCION DE PROBLEMAS
650 4 _aINVESTIGACION CENTRADA EN LOS PROBLEMAS
650 4 _aMETODOS EXPERIMENTALES
650 4 _aANALISIS ESTADISTICO
650 4 _aANALISIS DE DATOS
653 0 _aINVESTIGACION EDUCATIVA
653 0 _aPROBLEMAS EDUCATIVOS
700 1 _aElzey, Freeman F.
800 1 _aZanotti, Luis Jorge
_edirector
942 _cBK
998 _cEthel
999 _c5513
_d5513